Great athletes / (Record no. 6996)
[ view plain ]
| 000 -LEADER | |
|---|---|
| fixed length control field | 01640nac a22004091i 4500 |
| 003 - CONTROL NUMBER IDENTIFIER | |
| control field | EG-ScBUE |
| 005 - DATE AND TIME OF LATEST TRANSACTION | |
| control field | 20230319104033.0 |
| 008 - FIXED-LENGTH DATA ELEMENTS--GENERAL INFORMATION | |
| fixed length control field | 230319t2002 caua f bd 001 0ceng d |
| 020 ## - INTERNATIONAL STANDARD BOOK NUMBER | |
| International Standard Book Number | 158765007X (set : alk. paper) |
| 020 ## - INTERNATIONAL STANDARD BOOK NUMBER | |
| International Standard Book Number | 1587650088 (v. 1 : alk. paper) |
| 020 ## - INTERNATIONAL STANDARD BOOK NUMBER | |
| International Standard Book Number | 1587650096 (v. 2 : alk. paper) |
| 020 ## - INTERNATIONAL STANDARD BOOK NUMBER | |
| International Standard Book Number | 158765010X (v. 3 : alk. paper) |
| 020 ## - INTERNATIONAL STANDARD BOOK NUMBER | |
| International Standard Book Number | 1587650118 (v. 4 : alk. paper) |
| 020 ## - INTERNATIONAL STANDARD BOOK NUMBER | |
| International Standard Book Number | 1587650126 (v. 5 : alk. paper) |
| 020 ## - INTERNATIONAL STANDARD BOOK NUMBER | |
| International Standard Book Number | 1587650134 (v. 6 : alk. paper) |
| 020 ## - INTERNATIONAL STANDARD BOOK NUMBER | |
| International Standard Book Number | 1587650142 (v. 7 : alk. paper) |
| 020 ## - INTERNATIONAL STANDARD BOOK NUMBER | |
| International Standard Book Number | 1587650150 (v. 8 : alk. paper) |
| 040 ## - CATALOGING SOURCE | |
| Original cataloging agency | EG-ScBUE |
| Language of cataloging | eng |
| Description conventions | rda |
| Transcribing agency | EG-ScBUE |
| Modifying agency | EG-ScBUE |
| 082 04 - DEWEY DECIMAL CLASSIFICATION NUMBER | |
| Classification number | 796.0922 |
| Edition number | 22 |
| Item number | GRE |
| 245 00 - TITLE STATEMENT | |
| Title | Great athletes / |
| Statement of responsibility, etc | edited by the editors of Salem Press ; special consultant, Rafer Johnson. |
| 250 ## - EDITION STATEMENT | |
| Edition statement | Revised edition. |
| 264 #1 - PUBLICATION, DISTRIBUTION, ETC. (IMPRINT) | |
| Place of publication, distribution, etc | Pasadena, California : |
| Name of publisher, distributor, etc | Salem Press, |
| Date of publication, distribution, etc | [2002] |
| 264 #4 - PUBLICATION, DISTRIBUTION, ETC. (IMPRINT) | |
| Date of publication, distribution, etc | c2002 |
| 300 ## - PHYSICAL DESCRIPTION | |
| Extent | 8 volumes : |
| Other physical details | illustrations ; |
| Dimensions | 29 cm |
| 336 ## - CONTENT TYPE | |
| Source | rdacontent |
| Content type term | text |
| Content type code | txt |
| 337 ## - MEDIA TYPE | |
| Source | rdamedia |
| Media type term | unmediated |
| Media type code | n |
| 338 ## - CARRIER TYPE | |
| Source | rdacarrier |
| Carrier type term | volume |
| Carrier type code | nc |
| 504 ## - BIBLIOGRAPHY, ETC. NOTE | |
| Bibliography, etc | Includes bibliographical references and index. |
| 505 0# - FORMATTED CONTENTS NOTE | |
| Formatted contents note | Volume 1. Aaron-Canseco indexes -- Volume 2. Cap-Fan indexes -- Volume 3. Far-Hol indexes -- Volume 4. Hol-Lil indexes -- Volume 5. Lin-Nic indexes -- Volume 6. Nit-San indexes -- Volume 7. Sar-Uns indexes -- Volume 8. Uns-Z appendices indexes. |
| 650 #7 - SUBJECT ADDED ENTRY--TOPICAL TERM | |
| Topical term or geographic name as entry element | Athletes |
| Form subdivision | Biography |
| -- | Dictionaries. |
| Source of heading or term | BUEsh |
| 653 ## - INDEX TERM--UNCONTROLLED | |
| Resource For college | Generalities |
| 655 ## - INDEX TERM--GENRE/FORM | |
| Form subdivision | Reading book |
| 700 1# - ADDED ENTRY--PERSONAL NAME | |
| Personal name | Johnson, Rafer, |
| Dates associated with a name | 1935- |
| Relator term | consultant. |
| 710 2# - ADDED ENTRY--CORPORATE NAME | |
| Corporate name or jurisdiction name as entry element | Salem Press, |
| Relator term | editor. |
| 942 ## - ADDED ENTRY ELEMENTS (KOHA) | |
| Koha item type | NB - Book (Non borrowing) |
| Source of classification or shelving scheme | Dewey Decimal Classification |
| Withdrawn status | Lost status | Source of classification or shelving scheme | Damaged status | Not for loan | Collection code | Home library | Current library | Shelving location | Date acquired | Source of acquisition | Total Checkouts | Full call number | Barcode | Date last seen | Price effective from | Koha item type | Public note |
|---|---|---|---|---|---|---|---|---|---|---|---|---|---|---|---|---|---|
| Dewey Decimal Classification | Donation-Gift | Central Library | Central Library | Second Floor | 07/12/2011 | Donation | 796.0922 GRE | 000008494 | 15/07/2025 | 11/12/2007 | NB - Book (Non borrowing) | Vol 1 | |||||
| Dewey Decimal Classification | Donation-Gift | Central Library | Central Library | Second Floor | 07/12/2011 | Donation | 796.0922 GRE | 000008495 | 15/07/2025 | 11/12/2007 | NB - Book (Non borrowing) | Vol 2 | |||||
| Dewey Decimal Classification | Donation-Gift | Central Library | Central Library | Second Floor | 07/12/2011 | Donation | 796.0922 GRE | 000008496 | 15/07/2025 | 11/12/2007 | NB - Book (Non borrowing) | Vol 3 | |||||
| Dewey Decimal Classification | Donation-Gift | Central Library | Central Library | Second Floor | 07/12/2011 | Donation | 796.0922 GRE | 000008497 | 15/07/2025 | 11/12/2007 | NB - Book (Non borrowing) | Vol 4 | |||||
| Dewey Decimal Classification | Donation-Gift | Central Library | Central Library | Second Floor | 07/12/2011 | Donation | 796.0922 GRE | 000008498 | 15/07/2025 | 11/12/2007 | NB - Book (Non borrowing) | Vol 6 | |||||
| Dewey Decimal Classification | Donation-Gift | Central Library | Central Library | Second Floor | 07/12/2011 | Donation | 796.0922 GRE | 000008499 | 15/07/2025 | 11/12/2007 | NB - Book (Non borrowing) | Vol 5 | |||||
| Dewey Decimal Classification | Donation-Gift | Central Library | Central Library | Second Floor | 07/12/2011 | Donation | 796.0922 GRE | 000008500 | 15/07/2025 | 11/12/2007 | NB - Book (Non borrowing) | Vol 7 | |||||
| Dewey Decimal Classification | Donation-Gift | Central Library | Central Library | Second Floor | 07/12/2011 | Donation | 796.0922 GRE | 000008501 | 15/07/2025 | 11/12/2007 | NB - Book (Non borrowing) | Vol 8 |